[Event "CFriend AC-2003-Q-00001 email"]
[Site "Chessfriend.com"]
[Date "2003.07.01"]
[Round "?"]
[White "Tyomkin, Dmitry"]
[Black "Berger, Martin"]
[Result "0-1"]
[WhiteElo "2160"]
[BlackElo "2141"]
[PlyCount "42"]
[EventDate "2003.07.01"]
[EventType "tourn (corr)"]
[EventRounds "10"]
[SourceTitle "Corr 2008"]
[Source "ChessBase"]
[SourceDate "2008.06.24"]
[SourceVersion "1"]
[SourceVersionDate "2008.06.24"]
[SourceQuality "1"]

1. e4 Nc6 2. Nf3 Nf6 3. e5 Ng4 4. d4 d6 5. h3 Nh6 6. Bxh6 gxh6 7. Bb5 a6 8. Bxc6+ bxc6 9. Nc3 Bf5 10. Qe2 Bg7 11. 0-0-0 Qb8 12. Nh4 Bc8 13. Rhe1 Qb7 14. Ne4 Rb8 15. b3 Qb4 16. Nf6+ Kd8 17. Nh5 Bf8 18. Qf3 Qa5 19. Qxf7 Qxa2 20. Rd3 Qa1+ 21. Kd2 Qa5+ 0-1

[Event "CFriend AC-2003-Q-00001 email"]
[Site "Chessfriend.com"]
[Date "2003.07.01"]
[Round "?"]
[White "Weber, Daniel"]
[Black "Tyomkin, Dmitry"]
[Result "1/2-1/2"]
[WhiteElo "2328"]
[BlackElo "2492"]
[PlyCount "34"]
[EventDate "2003.07.01"]
[EventType "tourn (corr)"]
[EventRounds "10"]
[SourceTitle "Corr 2008"]
[Source "ChessBase"]
[SourceDate "2008.06.24"]
[SourceVersion "1"]
[SourceVersionDate "2008.06.24"]
[SourceQuality "1"]

1. c4 e5 2. Nc3 Nf6 3. Nf3 Nc6 4. g3 Bb4 5. Bg2 Bxc3 6. bxc3 0-0 7. 0-0 Re8 8. d3 e4 9. Nd4 h6 10. dxe4 Nxe4 11. Qc2 Nf6 12. Rb1 Qe7 13. Be3 Ne5 14. Nf5 Qe6 15. Nd4 Qe7 16. Nf5 Qe6 17. Nd4 Qe7 1/2-1/2